000 01324nam a2200313 a 4500
001 ebr10417314
003 CaPaEBR
006 m u
007 cr cn|||||||||
008 101213s2009 ii a s 000 0 eng d
020 _z9788173172632
040 _aCaPaEBR
_cCaPaEBR
035 _a(OCoLC)712994141
050 1 4 _aTK5105.875.I57
_bS56 2009eb
100 1 _aSingh, Vishnu Priya.
245 1 0 _aSimplified internet
_h[electronic resource] :
_be-mail and web : for DCS, 'O' and 'A' level, PGDCA, PGDCS, I.T.I., BCA, MCA and other equivalent degree/diploma courses /
_cby Vishnu Priya Singh, Meenakshi Singh.
250 _a5th rev. ed.
260 _aNew Delhi, India :
_bComputech Publications Ltd.,
_c2009.
300 _a328 p. :
_bill.
500 _a"Internet application software CD is free with this book."
533 _aElectronic reproduction.
_bPalo Alto, Calif. :
_cebrary,
_d2011.
_nAvailable via World Wide Web.
_nAccess may be limited to ebrary affiliated libraries.
650 0 _aInternet.
650 0 _aElectronic mail messages.
650 0 _aWorld Wide Web.
655 7 _aElectronic books.
_2local
700 1 _aSingh, Meenakshi.
710 2 _aebrary, Inc.
856 4 0 _uhttp://site.ebrary.com/lib/rucke/Doc?id=10417314
_zAn electronic book accessible through the World Wide Web; click to view
999 _c85149
_d85149